Khảo sát thành phần hóa học của cây ô rô Acanthus ilicifolius L. họ Acanthacfae : Luận văn tốt nghiệp Cao học. Chuyên ngành Hóa hữu cơ
Đề tài phân lập và xác định cấu trúc và chất trong cao PE và CHCl3 của cây ô rô bằng phương pháp phổ nghiệm nhằm làm phong phú thêm những hiểu biết về thành phần hóa học của loài ô rô.
Сохранить в:
| Главный автор: | |
|---|---|
| Формат: | |
| Язык: | Undetermined |
| Опубликовано: |
Cần Thơ
Trường Đại học Cần Thơ
2015
|
| Предметы: | |
| Метки: |
Добавить метку
Нет меток, Требуется 1-ая метка записи!
|
| Thư viện lưu trữ: | Trung tâm Học liệu Trường Đại học Cần Thơ |
|---|
| LEADER | 01109nam a2200217Ia 4500 | ||
|---|---|---|---|
| 001 | CTU_205828 | ||
| 008 | 210402s9999 xx 000 0 und d | ||
| 082 | |a 615.321 | ||
| 082 | |b V312 | ||
| 088 | |a 60440114 | ||
| 100 | |a Đặng, Quang Vinh | ||
| 245 | 0 | |a Khảo sát thành phần hóa học của cây ô rô Acanthus ilicifolius L. họ Acanthacfae : | |
| 245 | 0 | |b Luận văn tốt nghiệp Cao học. Chuyên ngành Hóa hữu cơ | |
| 245 | 0 | |c Đặng Quang Vinh ; Tôn Nữ Liên Hương (Cán bộ hướng dẫn) | |
| 260 | |a Cần Thơ | ||
| 260 | |b Trường Đại học Cần Thơ | ||
| 260 | |c 2015 | ||
| 520 | |a Đề tài phân lập và xác định cấu trúc và chất trong cao PE và CHCl3 của cây ô rô bằng phương pháp phổ nghiệm nhằm làm phong phú thêm những hiểu biết về thành phần hóa học của loài ô rô. | ||
| 650 | |a Cây dược liệu,Medicinal plants | ||
| 904 | |i Hải | ||
| 980 | |a Trung tâm Học liệu Trường Đại học Cần Thơ | ||